Blondie Top 20 Streams - Statistics

General Stats
  • This quiz has been taken 43 times
    23 since last reset
  • The average score is 13 of 20
Answer Stats
Answer Streams % Correct
Heart of Glass 263 million
100%
Atomic 65 million
95%
Call Me 528 million
90%
Maria 157 million
90%
Rapture 42 million
90%
Hanging on the Telephone 38 million
86%
Dreaming 35 million
81%
One Way Or Another 386 million
81%
Sunday Girl 27 million
81%
The Tide is High 89 million
76%
Union City Blue 8 million
71%
Denis 20 million
67%
In The Flesh 4.5 million
43%
Picture This 10 million
43%
X Offender 5 million
38%
11:59 3.7 million
33%
Rip Her to Shreds 6 million
33%
I'm Always Touched By Your Presence Dear 4.4 million
29%
Long Time 9 million
29%
Fade Away and Radiate 4 million
14%
No matching quizzes found
Score Distribution
Percent of People with Each Score
Percentile by Number Answered
Your Score History
You have not taken this quiz since the last reset